|
|
|
|
| LEADER |
00000nab a2200000 a 4500 |
| 001 |
vtls000500384 |
| 003 |
SK-MaSNL |
| 005 |
20260304235525.0 |
| 008 |
250425c1993 xo 0 slo |
| 015 |
|
|
|a SNBRB19rr/mm-uuuuu
|
| 035 |
|
|
|a CL0500522
|
| 035 |
|
|
|a urn:nbn:sk:snk-abf29o
|
| 035 |
|
|
|a (urnnbn)urn:nbn:sk:snk:ar-003vns
|
| 035 |
|
|
|a (uuid)9fe85700-d3e6-4169-9904-20f5f7a637c0
|
| 040 |
|
|
|a SNKBUCL
|b slo
|c SNKBUCL
|e AACR2
|
| 041 |
0 |
|
|a slo
|
| 044 |
|
|
|a xo
|c SK
|
| 080 |
|
|
|a 579.85:577.152
|2 1981
|
| 080 |
|
|
|a 577.152
|2 1981
|
| 245 |
0 |
0 |
|a Produkcia a izolácia bakteriálnych zásaditých proteináz
|c Ivan Michalík, Tibor Matúš, Mihály Saygó, Michal Karlubík
|
| 300 |
|
|
|b Obr. 3, tab. 2, res. angl., slov., lit. 8 zázn. v angl., češ., maď., ruš., slov.
|
| 650 |
0 |
7 |
|a Bacillus licheniformis
|2 snkbucl
|9 1457217
|
| 650 |
0 |
7 |
|a proteázy
|2 snkbucl
|9 20162
|
| 655 |
|
7 |
|a články z novín a časopisov
|2 snkbucl
|9 267496
|
| 700 |
1 |
|
|a Michalík, Ivan,
|d 1936-
|4 aut
|9 107045
|
| 700 |
1 |
|
|a Matúš, Tibor
|4 aut
|9 1107406
|
| 700 |
1 |
|
|a Saygó, Mihály
|4 aut
|9 1573157
|
| 700 |
1 |
|
|a Karlubík, Michal,
|d 1931-2011
|4 aut
|9 194741
|
| 773 |
0 |
|
|t Poľnohospodárstvo
|g Roč. 39, č. 10 (1993), s. 820-829
|x 0553-3677
|
| 850 |
|
|
|a Slovenská národná knižnica
|
| 852 |
|
|
|a Slovenská národná knižnica
|
| 954 |
|
|
|a odborná, vedecká literatúra pôvodná (slovenská)
|2 lita
|
| 958 |
|
|
|a article27
|
| 958 |
|
|
|a NB
|
| 958 |
|
|
|a RK
|
| 958 |
|
|
|a MI
|
| 958 |
|
|
|a OND
|
| 958 |
|
|
|a EUIPO
|
| 992 |
|
|
|a RBX
|
| 999 |
|
|
|c 3209237
|d 3211167
|